Teoretické východiská skúmania konkurenčných paradigiem medzi bankovou stabilitou a konkurenciou

Skúmanie vzťahu konkurencie a stability na bankovom trhu. Zameranie sa na objasnenie výrazov paradigma konkurencie a krehkosti a paradigma konkurencie a stability.

Saved in:
Bibliographic Details
Main Author: Novotná, Adriana
Format: Book Chapter
Language:Slovak
Subjects:
Tags: Add Tag
No Tags, Be the first to tag this record!

MARC

LEADER 00000naa a2200000 4500
001 0287267
005 20220817100716.1
041 0 |a slo 
044 |a SK 
245 1 0 |a Teoretické východiská skúmania konkurenčných paradigiem medzi bankovou stabilitou a konkurenciou  |c Adriana Novotná 
520 |a Skúmanie vzťahu konkurencie a stability na bankovom trhu. Zameranie sa na objasnenie výrazov paradigma konkurencie a krehkosti a paradigma konkurencie a stability. 
610 2 0 |a bankovníctvo 
610 2 0 |a konkurencia 
610 2 0 |a stabilita finančná 
610 2 0 |a paradigma 
610 2 0 |a hypotézy 
610 2 0 |a analýzy 
100 1 |a Novotná, Adriana